[Event "Chigorin Memorial"]
[Site "St Petersburg"]
[Date "2015.10.10"]
[Round "8.66"]
[White "Schekachikhin, Maksim"]
[Black "Golikov, Daniil"]
[Result "1-0"]
[WhiteElo "2320"]
[BlackElo "2039"]
[PlyCount "95"]
[EventDate "2015.10.03"]
[EventRounds "9"]
[EventCountry "RUS"]

1. c4 Nf6 2. Nf3 g6 3. Nc3 Bg7 4. d4 O-O 5. e4 d6 6. Be2 e5 7. Be3 Nbd7 8. d5
Ne8 9. g4 c5 10. Nd2 b6 11. Nf1 Nc7 12. Ng3 Rb8 13. Qd2 a6 14. h4 b5 15. h5
bxc4 16. Bh6 Bxh6 17. Qxh6 Qe7 18. O-O-O Re8 19. Rdg1 Qf8 20. Qe3 Nb5 21. Rh2
Qe7 22. f3 Nxc3 23. Qxc3 Nf8 24. Qe3 g5 25. Bxc4 h6 26. b3 f6 27. Qd3 Rb6 28.
Nf1 Qa7 29. Ne3 a5 30. Rc2 Bd7 31. Qc3 a4 32. Kd2 axb3 33. axb3 Ra8 34. Rcc1
Rbb8 35. Ra1 Qb7 36. Kc2 Rxa1 37. Rxa1 Ra8 38. Ra5 Rd8 39. Ba6 Qc7 40. Bd3 Bc8
41. Qa1 Rd7 42. Bb5 Rh7 43. Nc4 Bb7 44. Qa4 Nd7 45. Bxd7 Rxd7 46. Ra7 Kf7 47.
Qxd7+ Qxd7 48. Rxb7 1-0

[Event "Chigorin Memorial"]
[Site "St Petersburg"]
[Date "2015.10.10"]
[Round "8.67"]
[White "Evdokimov, Alexey"]
[Black "Hojjatova, Aydan"]
[Result "1-0"]
[WhiteElo "2193"]
[BlackElo "2315"]
[PlyCount "69"]
[EventDate "2015.10.03"]
[EventRounds "9"]
[EventCountry "RUS"]

1. Nf3 f5 2. d3 Nf6 3. e4 fxe4 4. dxe4 Nxe4 5. Bd3 Nf6 6. Ng5 g6 7. h4 e5 8. h5
e4 9. Nxe4 Nxe4 10. Bxe4 Qe7 11. O-O Qf6 12. Bd2 Nc6 13. Bc3 Ne5 14. Bxe5 Qxe5
15. Re1 Kd8 16. Bxg6 Qxe1+ 17. Qxe1 hxg6 18. hxg6 Bg7 19. Nc3 d6 20. Qe3 Re8
21. Qg5+ Kd7 22. Qf5+ Kd8 23. Qf7 Bxc3 24. bxc3 Be6 25. Qf6+ Kd7 26. Re1 Bxa2
27. Qf5+ Kc6 28. Rxe8 Rxe8 29. g7 Rg8 30. Qe4+ Bd5 31. Qa4+ Kb6 32. c4 Be6 33.
Qb4+ Ka6 34. Qa3+ Kb6 35. c5+ 1-0

[Event "Chigorin Memorial"]
[Site "St Petersburg"]
[Date "2015.10.10"]
[Round "8.68"]
[White "Vunder, Andrey"]
[Black "Palchun, Grigory"]
[Result "0-1"]
[WhiteElo "2192"]
[BlackElo "2315"]
[PlyCount "88"]
[EventDate "2015.10.03"]
[EventRounds "9"]
[EventCountry "RUS"]

1. d4 Nf6 2. Nf3 e6 3. c3 b6 4. Bg5 Bb7 5. Nbd2 Be7 6. e3 c5 7. Bd3 O-O 8. O-O
Nc6 9. dxc5 bxc5 10. e4 d5 11. Qe2 Re8 12. Rad1 Nd7 13. Bxe7 Rxe7 14. e5 Qb6
15. Rfe1 Nf8 16. Nf1 a5 17. Ne3 Ba6 18. Ng4 Ng6 19. Qe3 Bxd3 20. Rxd3 Rb7 21.
Rd2 c4 22. Qg5 Qd8 23. Qxd8+ Rxd8 24. g3 h5 25. Ne3 Ngxe5 26. Nxe5 Nxe5 27. Kg2
Nd3 28. Ree2 Rdb8 29. Nd1 Nc1 30. Re5 Nxa2 31. Rxh5 f6 32. Rc2 a4 33. Rh4 e5
34. f4 e4 35. Rh5 Rd7 36. Rd2 Rbd8 37. Ne3 a3 38. Rhxd5 Rxd5 39. Nxd5 Kf7 40.
Kf2 Nc1 41. bxa3 Nd3+ 42. Ke3 Rxd5 43. a4 f5 44. Ra2 Nc1 0-1

[Event "Chigorin Memorial"]
[Site "St Petersburg"]
[Date "2015.10.10"]
[Round "8.69"]
[White "Baraeva, Marina"]
[Black "Zhurikhin, Alexander"]
[Result "1/2-1/2"]
[WhiteElo "2189"]
[BlackElo "2309"]
[PlyCount "109"]
[EventDate "2015.10.03"]
[EventRounds "9"]
[EventCountry "RUS"]

1. d4 f5 2. g3 Nf6 3. Bg2 g6 4. Nh3 Bg7 5. Nf4 Nc6 6. d5 Ne5 7. Nc3 c6 8. e4
O-O 9. O-O d6 10. h4 fxe4 11. Nxe4 Nxe4 12. Bxe4 Bg4 13. f3 Bd7 14. c3 Kh8 15.
Rf2 Qe8 16. Be3 Qf7 17. Qb3 c5 18. Raf1 Rab8 19. Rh2 Bf5 20. Bxf5 Qxf5 21. Kh1
Bh6 22. c4 Kg8 23. a4 Rf7 24. Qc2 Rbf8 25. Qe2 Bxf4 26. Bxf4 Nd7 27. Re1 Nf6
28. Bh6 Re8 29. g4 Qc8 30. Qe6 Nd7 31. h5 Ne5 32. hxg6 Qxe6 33. dxe6 Rxf3 34.
gxh7+ Kxh7 35. Bf4+ Kg6 36. Bxe5 dxe5 37. Rxe5 Rf1+ 38. Kg2 Ref8 39. Kg3 R1f3+
40. Kh4 Rh8+ 41. Rh5 Rxh5+ 42. gxh5+ Kh6 43. Kg4 Rf6 44. Re2 a5 45. Re5 b6 46.
Re3 Kg7 47. Kg5 Rh6 48. Rg3 Rf6 49. Re3 Rh6 50. Re5 Rf6 51. Re4 Rh6 52. Rg4 Rf6
53. Rg3 Kh7 54. Re3 Kg7 55. Rg3 1/2-1/2

[Event "Chigorin Memorial"]
[Site "St Petersburg"]
[Date "2015.10.10"]
[Round "8.70"]
[White "Obgolts, Erik"]
[Black "Shchukin, Dmitry"]
[Result "0-1"]
[WhiteElo "2184"]
[BlackElo "2299"]
[PlyCount "174"]
[EventDate "2015.10.03"]
[EventRounds "9"]
[EventCountry "RUS"]

1. d4 d6 2. Nf3 Bg4 3. c4 Bxf3 4. exf3 Nd7 5. Nc3 Ngf6 6. Be2 g6 7. f4 Bg7 8.
O-O e6 9. Bf3 Rb8 10. Rb1 O-O 11. Re1 c6 12. b4 Nb6 13. Qd3 d5 14. c5 Nc4 15.
Be3 b6 16. Rb3 bxc5 17. bxc5 Qa5 18. Reb1 Nd7 19. g3 Rxb3 20. Rxb3 Rb8 21.
Rxb8+ Nxb8 22. Qc2 Na6 23. Ne2 Nb4 24. Qb3 Nxa2 25. Qb7 Nc3 26. Qb3 Nxe2+ 27.
Bxe2 Qe1+ 28. Bf1 Nd2 29. Qd3 Nxf1 30. Qxf1 Qb4 31. Qa6 Qb1+ 32. Kg2 Qe4+ 33.
Kf1 Bxd4 34. Bxd4 Qxd4 35. Qc8+ Kg7 36. Qxc6 a5 37. Qd6 a4 38. c6 a3 39. Qxa3
Qc4+ 40. Kg1 Qxc6 41. Qa1+ Kg8 42. Qe5 Qb7 43. Qd6 Qb1+ 44. Kg2 Qe4+ 45. f3
Qe2+ 46. Kh3 Kg7 47. Qc7 Qf1+ 48. Kg4 h5+ 49. Kg5 Qa1 50. Qe7 Qb2 51. h4 Qa3
52. Qf6+ Kg8 53. g4 hxg4 54. fxg4 Qf8 55. h5 Qg7 56. Qd8+ Kh7 57. hxg6+ Qxg6+
58. Kh4 Kg7 59. Qd6 Qh7+ 60. Kg3 Qd3+ 61. Kh4 Qe4 62. Kg5 d4 63. f5 Qe3+ 64.
Kh4 exf5 65. g5 Qf2+ 66. Kh3 Qf3+ 67. Kh2 Qh5+ 68. Kg2 Qxg5+ 69. Kf1 Qe3 70.
Qc7 Qf3+ 71. Kg1 Qe3+ 72. Kf1 f4 73. Qc5 Qf3+ 74. Kg1 Kg6 75. Qd6+ f6 76. Qd8
Qe3+ 77. Kh1 f3 78. Qg8+ Kf5 79. Qh7+ Kf4 80. Qh4+ Ke5 81. Qh5+ Ke4 82. Qg6+ f5
83. Qe6+ Kd3 84. Qxf5+ Kd2 85. Qa5+ Qc3 86. Qa2+ Kc1 87. Qf2 Qd2 0-1

[Event "Chigorin Memorial"]
[Site "St Petersburg"]
[Date "2015.10.10"]
[Round "8.71"]
[White "Galaktionov, Artem"]
[Black "Rozhko, Dmitry"]
[Result "0-1"]
[WhiteElo "2174"]
[BlackElo "2298"]
[PlyCount "102"]
[EventDate "2015.10.03"]
[EventRounds "9"]
[EventCountry "RUS"]

1. d4 d5 2. Nf3 Nf6 3. c4 c6 4. Qb3 e6 5. Bg5 Nbd7 6. e3 Qa5+ 7. Nc3 Ne4 8. Bf4
g5 9. Bg3 h5 10. h3 Nxg3 11. fxg3 Bd6 12. O-O-O Nf6 13. cxd5 cxd5 14. Nxg5 Bd7
15. Bb5 Bxb5 16. Qxb5+ Qxb5 17. Nxb5 Bxg3 18. Rdf1 Ke7 19. Nc3 Rhg8 20. h4 Rac8
21. Kb1 Bxh4 22. Nxf7 Kxf7 23. Rxh4 Ke7 24. e4 dxe4 25. Nxe4 Nxe4 26. Rxe4 Rxg2
27. d5 Rg6 28. Rfe1 Rh8 29. dxe6 h4 30. Rh1 h3 31. Kc2 Rg2+ 32. Kb3 h2 33. Ree1
Rh3+ 34. Kc4 Rg4+ 35. Kd5 Rh5+ 36. Re5 Rxe5+ 37. Kxe5 Rg2 38. a4 Rxb2 39. Rc1
Re2+ 40. Kd5 Rxe6 41. Rc7+ Kf6 42. Rh7 Re2 43. Kd6 Rc2 44. Rh8 Kg5 45. Ke5 Kg4
46. Ke4 Kg3 47. Rg8+ Kf2 48. Kd3 Rc1 49. Rf8+ Kg3 50. Rg8+ Kf4 51. Rf8+ Ke5 0-1

[Event "Chigorin Memorial"]
[Site "St Petersburg"]
[Date "2015.10.10"]
[Round "8.72"]
[White "Artamonov, Valery"]
[Black "Gorovenko, Darya"]
[Result "1/2-1/2"]
[WhiteElo "2287"]
[BlackElo "2024"]
[PlyCount "94"]
[EventDate "2015.10.03"]
[EventRounds "9"]
[EventCountry "RUS"]

1. c4 g6 2. g3 Bg7 3. Bg2 Nf6 4. b3 Ne4 5. d4 c5 6. Bb2 Qa5+ 7. Kf1 Nf6 8. d5
O-O 9. e4 d6 10. h3 b5 11. Nd2 Nxe4 12. Bxe4 Bxb2 13. Rb1 Bc3 14. Ngf3 Nd7 15.
Qc2 Nf6 16. Bd3 Bxd2 17. Nxd2 Ba6 18. g4 bxc4 19. bxc4 Rab8 20. Kg2 Qa3 21. Rb3
Rxb3 22. axb3 Bb7 23. f3 Re8 24. h4 e6 25. Qc3 Qb4 26. Qxb4 cxb4 27. Ra1 exd5
28. Rxa7 dxc4 29. Nxc4 Bd5 30. Kf2 Bxc4 31. Bxc4 d5 32. Bd3 Rc8 33. Bb5 Rc3 34.
g5 Nh5 35. Be8 Nf4 36. Bxf7+ Kf8 37. Kg3 Ne2+ 38. Kg4 d4 39. Rd7 d3 40. Bc4 Nc1
41. Kf4 Nxb3 42. Bxb3 Rxb3 43. Rxh7 Ke8 44. Ke3 d2+ 45. Kxd2 Rxf3 46. Rg7 Rh3
47. Rxg6 Rxh4 1/2-1/2

[Event "Chigorin Memorial"]
[Site "St Petersburg"]
[Date "2015.10.10"]
[Round "8.73"]
[White "Borisovsky, Dmitry"]
[Black "Isakov, Andrey"]
[Result "1-0"]
[WhiteElo "2169"]
[BlackElo "2286"]
[PlyCount "97"]
[EventDate "2015.10.03"]
[EventRounds "9"]
[EventCountry "RUS"]

1. e4 e5 2. Nf3 Nc6 3. d4 exd4 4. Nxd4 Qh4 5. Nb5 Qxe4+ 6. Be2 Kd8 7. O-O a6 8.
N1c3 Qe5 9. Nd5 axb5 10. Bf4 Qd4 11. Bxc7+ Ke8 12. Nb6 Bc5 13. Nxa8 Nf6 14. Bg3
b4 15. Nc7+ Kf8 16. Nb5 Qxd1 17. Raxd1 Ne4 18. Bc7 Ke7 19. Bf3 Ng5 20. Rfe1+
Ne6 21. Bd6+ Bxd6 22. Nxd6 g6 23. Rd5 f6 24. g3 b6 25. Bg2 Ba6 26. f4 f5 27. g4
fxg4 28. f5 gxf5 29. Nxf5+ Kf6 30. Nh6 Ke7 31. Nf5+ Kf6 32. Rxd7 Ne5 33. Ra7
Kxf5 34. Rxa6 Nd4 35. Kf2 Nef3 36. Bxf3 gxf3 37. c3 bxc3 38. bxc3 Nb5 39. Kxf3
Rc8 40. Re3 Nxc3 41. Rxb6 Nxa2 42. Rb2 Nc1 43. Rb5+ Kf6 44. Ra3 Rd8 45. Ra6+
Kf7 46. Rb7+ Kg8 47. Raa7 Nd3 48. Rg7+ Kf8 49. Rxh7 1-0

[Event "Chigorin Memorial"]
[Site "St Petersburg"]
[Date "2015.10.10"]
[Round "8.74"]
[White "Shemeakin, Alexander"]
[Black "Khalaji, Hanieh"]
[Result "1-0"]
[WhiteElo "2275"]
[BlackElo "2006"]
[PlyCount "43"]
[EventDate "2015.10.03"]
[EventRounds "9"]
[EventCountry "RUS"]

1. d4 Nf6 2. c4 e6 3. Nf3 Bb4+ 4. Bd2 c5 5. Bxb4 cxb4 6. Nbd2 b6 7. e4 Bb7 8.
Bd3 d5 9. cxd5 exd5 10. e5 Ne4 11. Qa4+ Qd7 12. Qxb4 Nc6 13. Qa3 Qg4 14. O-O
Nxd2 15. Nxd2 Qxd4 16. Bb5 Qxd2 17. Rac1 Qh6 18. e6 O-O-O 19. Bxc6 Bxc6 20.
Rxc6+ Kb7 21. Rfc1 Rc8 22. Qe7+ 1-0

[Event "Chigorin Memorial"]
[Site "St Petersburg"]
[Date "2015.10.10"]
[Round "8.75"]
[White "Mrykhin, Igor"]
[Black "Karpenko, Artem"]
[Result "1-0"]
[WhiteElo "2146"]
[BlackElo "2274"]
[PlyCount "117"]
[EventDate "2015.10.03"]
[EventRounds "9"]
[EventCountry "RUS"]

1. Nf3 Nf6 2. c4 c6 3. b3 d5 4. Bb2 Bg4 5. e3 Nbd7 6. cxd5 cxd5 7. Be2 e6 8. h3
Bf5 9. Nh4 Bxb1 10. Qxb1 Bd6 11. Nf3 O-O 12. O-O Rc8 13. Rc1 Rxc1+ 14. Qxc1 Qe7
15. a3 e5 16. Qc2 Nb6 17. Qf5 Nfd7 18. Qb1 f5 19. d3 e4 20. Nd2 Ne5 21. Qf1
Nbd7 22. d4 Ng6 23. g3 Qg5 24. Qg2 Nf6 25. Rc1 Nh5 26. h4 Qh6 27. Rc3 Nf6 28.
Bc1 Kh8 29. b4 Ne7 30. Nb3 b6 31. Bd1 Rg8 32. Bd2 g5 33. hxg5 Rxg5 34. Be1 Qg7
35. Nc1 Nh5 36. Bxh5 Rxh5 37. Ne2 Rh6 38. b5 Qf7 39. Rc2 Qe8 40. a4 Qf7 41. Bd2
Rg6 42. Qh3 Qe8 43. Rb2 Qc8 44. Bb4 Qc4 45. Bxd6 Rxd6 46. Qh5 Rg6 47. Kg2 Qc8
48. Rb1 Qd7 49. Nf4 Rg7 50. Qh6 Qc8 51. Qf6 Kg8 52. Qd6 Qc2 53. Rh1 Qc4 54. Rh6
Qc8 55. Nxd5 Nxd5 56. Qxd5+ Kh8 57. Rd6 Rg8 58. Qe5+ Rg7 59. Qf6 1-0

[Event "Chigorin Memorial"]
[Site "St Petersburg"]
[Date "2015.10.10"]
[Round "8.76"]
[White "Yakimenko, Alexander A"]
[Black "Melnikov, Dmitry"]
[Result "1-0"]
[WhiteElo "2090"]
[BlackElo "2272"]
[PlyCount "81"]
[EventDate "2015.10.03"]
[EventRounds "9"]
[EventCountry "RUS"]

1. d4 f5 2. Nc3 d5 3. f3 e6 4. e4 Bb4 5. Nge2 Nf6 6. Bg5 fxe4 7. a3 Be7 8. fxe4
O-O 9. Ng3 c5 10. dxc5 Nc6 11. Be2 d4 12. Na4 h6 13. Bd2 Nh7 14. Bf3 Ne5 15. b4
Nxf3+ 16. gxf3 e5 17. Qe2 Be6 18. O-O Ng5 19. Nb2 Qc7 20. Nd3 b6 21. Rae1 bxc5
22. bxc5 Bh3 23. Rf2 Be6 24. Rff1 Rf7 25. Nf5 Bxc5 26. h4 Nh3+ 27. Kh2 Nf4 28.
Bxf4 exf4 29. Rg1 Kh7 30. Qg2 Bxf5 31. exf5 Bf8 32. Re6 Bxa3 33. Ne5 Raf8 34.
Nxf7 Qxf7 35. Qg6+ Kh8 36. f6 Qxg6 37. Rxg6 Rxf6 38. Rexf6 gxf6 39. Rxf6 Kg7
40. Ra6 Bc5 41. Kh3 1-0

[Event "Chigorin Memorial"]
[Site "St Petersburg"]
[Date "2015.10.10"]
[Round "8.77"]
[White "Hakobyan, Hovhannes H"]
[Black "Volkov, Anton"]
[Result "1/2-1/2"]
[WhiteElo "2043"]
[BlackElo "2255"]
[PlyCount "83"]
[EventDate "2015.10.03"]
[EventRounds "9"]
[EventCountry "RUS"]

1. e4 e5 2. Nf3 Nc6 3. d4 exd4 4. Nxd4 Bb4+ 5. c3 Bc5 6. Nxc6 bxc6 7. Bd3 d6 8.
Qe2 Ne7 9. Nd2 Ng6 10. Nc4 a5 11. O-O Qh4 12. Kh1 O-O 13. f4 d5 14. Ne5 Nxe5
15. fxe5 Bg4 16. Qc2 Rae8 17. Bf4 Re6 18. a3 Bb6 19. b4 axb4 20. axb4 h6 21.
Rae1 Bh5 22. Bg3 Qe7 23. exd5 cxd5 24. c4 c6 25. Qb3 Bg6 26. Bxg6 Rxg6 27. cxd5
cxd5 28. Qxd5 Qxb4 29. Qd7 Qg4 30. Qxg4 Rxg4 31. e6 fxe6 32. Rxf8+ Kxf8 33.
Rxe6 Rc4 34. h3 Rc1+ 35. Re1 Rxe1+ 36. Bxe1 Kf7 37. g4 Bd4 38. Kg2 g6 39. Kf3
Ke6 40. h4 h5 41. gxh5 gxh5 42. Kf4 1/2-1/2

[Event "Chigorin Memorial"]
[Site "St Petersburg"]
[Date "2015.10.10"]
[Round "8.78"]
[White "Bezstrakhov, Dmitry"]
[Black "Selivanov, Ivan"]
[Result "0-1"]
[WhiteElo "1903"]
[BlackElo "2254"]
[PlyCount "50"]
[EventDate "2015.10.03"]
[EventRounds "9"]
[EventCountry "RUS"]

1. d4 Nf6 2. c4 c5 3. e3 e6 4. Nf3 cxd4 5. exd4 d5 6. Nc3 Be7 7. b3 Ne4 8. Nxe4
dxe4 9. Ne5 O-O 10. Be2 f6 11. Ng4 Nc6 12. Bb2 Qa5+ 13. Kf1 Rd8 14. Ne3 Bc5 15.
d5 Bxe3 16. fxe3 exd5 17. cxd5 Be6 18. Qe1 Qxd5 19. Qg3 Kh8 20. Kf2 Qd2 21.
Rab1 Rd5 22. Rhe1 Rg5 23. Qc7 Nb4 24. Bc1 Nd3+ 25. Kf1 Qxe1# 0-1

[Event "Chigorin Memorial"]
[Site "St Petersburg"]
[Date "2015.10.10"]
[Round "8.79"]
[White "Pustovidko, Anastasia"]
[Black "Ibadov, Dashgyn"]
[Result "0-1"]
[WhiteElo "2035"]
[BlackElo "2246"]
[PlyCount "116"]
[EventDate "2015.10.03"]
[EventRounds "9"]
[EventCountry "RUS"]

1. d4 e6 2. g3 c5 3. c3 Nc6 4. Bg2 Nf6 5. Nf3 cxd4 6. Nxd4 d5 7. O-O Be7 8. c4
O-O 9. Nc3 Qb6 10. Nxc6 bxc6 11. cxd5 cxd5 12. Na4 Qb5 13. Bf4 Ba6 14. Bf3 Ne4
15. Rc1 Rac8 16. b3 Ng5 17. Bxg5 Bxg5 18. Rxc8 Rxc8 19. Qd4 Qb7 20. Re1 Bf6 21.
Qd2 Qc7 22. Rd1 Qc2 23. e3 Qxd2 24. Rxd2 Rc1+ 25. Bd1 g6 26. f3 e5 27. Kf2 d4
28. exd4 Bg5 29. Rc2 Rxd1 30. dxe5 Rd2+ 31. Rxd2 Bxd2 32. Nc5 Bc8 33. Ne4 Bb4
34. Ke3 Be7 35. Nd2 Kf8 36. Kd4 Ke8 37. Kc3 Kd7 38. b4 Kc6 39. a4 Kd5 40. f4 f6
41. Nc4 fxe5 42. fxe5 Bf8 43. b5 Kc5 44. Na5 Bd7 45. Kd3 Kd5 46. Nc4 Bf5+ 47.
Kc3 Kc5 48. Na5 Be4 49. Nb3+ Kd5 50. a5 Kxe5 51. b6 axb6 52. axb6 Bd6 53. Na5
Bd5 54. Kd3 Bb8 55. Ke3 Kd6 56. Kd4 Bg8 57. g4 g5 58. h3 Bd5 0-1

[Event "Chigorin Memorial"]
[Site "St Petersburg"]
[Date "2015.10.10"]
[Round "8.80"]
[White "Chekhov, Sergei"]
[Black "Ivanov, Rostislav"]
[Result "1-0"]
[WhiteElo "2488"]
[BlackElo "2134"]
[PlyCount "61"]
[EventDate "2015.10.03"]
[EventRounds "9"]
[EventCountry "RUS"]

1. e4 c5 2. c3 e6 3. Nf3 d5 4. exd5 exd5 5. d4 Nf6 6. Bb5+ Bd7 7. Bxd7+ Nbxd7
8. O-O Be7 9. dxc5 Nxc5 10. Nbd2 O-O 11. Nb3 h6 12. Be3 Ne6 13. h3 Re8 14. Qd3
Qc7 15. Rad1 a5 16. a4 Qc6 17. Ra1 Qc4 18. Qxc4 dxc4 19. Nbd2 Nd5 20. Nxc4 Nxe3
21. Nxe3 b6 22. Nd5 Bd8 23. b4 Rc8 24. Rfe1 Rc6 25. Rad1 Bf6 26. b5 Rc4 27.
Nxb6 Rxc3 28. Nd7 Rb3 29. Rb1 Rxb1 30. Rxb1 Rd8 31. Nfe5 1-0

[Event "Chigorin Memorial"]
[Site "St Petersburg"]
[Date "2015.10.10"]
[Round "8.81"]
[White "Derli, Olga"]
[Black "Litvinov, Maxim"]
[Result "0-1"]
[WhiteElo "2131"]
[BlackElo "2397"]
[PlyCount "80"]
[EventDate "2015.10.03"]
[EventRounds "9"]
[EventCountry "RUS"]

1. e4 d6 2. d4 Nf6 3. Nc3 c6 4. Nf3 Bg4 5. Be2 e6 6. d5 cxd5 7. exd5 e5 8. O-O
Be7 9. Be3 O-O 10. a4 Nbd7 11. a5 Ne8 12. Nd2 Bxe2 13. Qxe2 f5 14. f4 a6 15.
Nc4 e4 16. g4 g6 17. g5 Rf7 18. Na4 Bf8 19. Ncb6 Rb8 20. c4 h6 21. h4 hxg5 22.
hxg5 Nc5 23. Nxc5 dxc5 24. Rad1 Qc7 25. Kg2 Bd6 26. Qf2 Ng7 27. b4 cxb4 28. c5
Bf8 29. Bd4 Re8 30. Qe3 Nh5 31. Nc4 Qd8 32. Ne5 Rg7 33. d6 Qxa5 34. Qb3+ Kh7
35. d7 Rd8 36. Nxg6 Qb5 37. Nxf8+ Rxf8 38. Bxg7 Qe2+ 39. Kh1 Kxg7 40. Rfe1 Qf2
0-1

[Event "Chigorin Memorial"]
[Site "St Petersburg"]
[Date "2015.10.10"]
[Round "8.82"]
[White "Lokander, Martin"]
[Black "Yashmetov, Mikhail"]
[Result "1/2-1/2"]
[WhiteElo "2369"]
[BlackElo "2123"]
[PlyCount "84"]
[EventDate "2015.10.03"]
[EventRounds "9"]
[EventCountry "RUS"]

1. d4 Nf6 2. c4 g6 3. Nc3 d5 4. Nf3 Bg7 5. cxd5 Nxd5 6. e4 Nxc3 7. bxc3 c5 8.
Rb1 O-O 9. Be2 b6 10. O-O Bb7 11. Qd3 Ba6 12. Qc2 cxd4 13. Bxa6 Nxa6 14. cxd4
Nc7 15. d5 f5 16. Bf4 Rc8 17. Rbd1 Ne6 18. Qd2 fxe4 19. dxe6 Qxd2 20. Bxd2 exf3
21. Bb4 fxg2 22. Kxg2 Rc6 23. Rfe1 Bc3 24. Bxc3 Rxc3 25. Rd7 Rc2 26. Rxe7
Rfxf2+ 27. Kg3 Rce2 28. Rc1 Rg2+ 29. Kh3 Rxh2+ 30. Kg3 Rhg2+ 31. Kh3 Rh2+ 32.
Kg3 Rhg2+ 33. Kh3 Rc2 34. Rd1 Rgd2 35. Rf1 Rf2 36. Rd1 Rcd2 37. Rc1 Rh2+ 38.
Kg3 Rhg2+ 39. Kh3 Rh2+ 40. Kg3 Rhg2+ 41. Kh3 Rh2+ 42. Kg3 Rhg2+ 1/2-1/2

[Event "Chigorin Memorial"]
[Site "St Petersburg"]
[Date "2015.10.10"]
[Round "8.83"]
[White "Sichinava, Zviad"]
[Black "Eryshkanova, Anastasiya"]
[Result "1-0"]
[WhiteElo "2329"]
[BlackElo "2108"]
[PlyCount "71"]
[EventDate "2015.10.03"]
[EventRounds "9"]
[EventCountry "RUS"]

1. d4 Nf6 2. Bg5 Ne4 3. Bf4 c5 4. f3 Qa5+ 5. c3 Nf6 6. d5 Qb6 7. b3 g6 8. e4 d6
9. Nd2 Bg7 10. Nc4 Qd8 11. a4 O-O 12. Bd3 Nh5 13. Bd2 e6 14. Ne2 exd5 15. exd5
Qh4+ 16. g3 Qh3 17. Kf2 Qd7 18. Bc2 b6 19. g4 Nf6 20. Bf4 Ne8 21. Qd2 Na6 22.
h4 Nac7 23. Rag1 Ba6 24. Ng3 Nf6 25. Ne3 b5 26. h5 Rfe8 27. g5 Nfxd5 28. Nxd5
Nxd5 29. Qxd5 Bxc3 30. hxg6 hxg6 31. Bxg6 Bd4+ 32. Kg2 Qe6 33. Bh7+ Kg7 34.
Nf5+ Kh8 35. Bg6+ Kg8 36. Bxf7+ 1-0

[Event "Chigorin Memorial"]
[Site "St Petersburg"]
[Date "2015.10.10"]
[Round "8.84"]
[White "Veselov, Andrey"]
[Black "Biriukov, Oleg V"]
[Result "0-1"]
[WhiteElo "2105"]
[BlackElo "2323"]
[PlyCount "52"]
[EventDate "2015.10.03"]
[EventRounds "9"]
[EventCountry "RUS"]

1. e4 c5 2. Nf3 d6 3. Bb5+ Bd7 4. Bxd7+ Qxd7 5. O-O Nf6 6. Qe2 Nc6 7. c3 e6 8.
d4 cxd4 9. cxd4 d5 10. e5 Ne4 11. Be3 Be7 12. Ne1 f6 13. f3 Ng5 14. Qd2 h6 15.
exf6 Bxf6 16. Nc3 O-O 17. Ne2 e5 18. dxe5 Nxe5 19. Rc1 Ne6 20. Nf4 d4 21. Nxe6
Qxe6 22. Bxd4 Rfd8 23. Qe3 Rxd4 24. f4 Qb6 25. fxe5 Bg5 26. Qf2 Bxc1 0-1

[Event "Chigorin Memorial"]
[Site "St Petersburg"]
[Date "2015.10.10"]
[Round "8.85"]
[White "Protopopova, Anastasiya"]
[Black "Timerkhanov, Alexander"]
[Result "0-1"]
[WhiteElo "2102"]
[BlackElo "2321"]
[PlyCount "120"]
[EventDate "2015.10.03"]
[EventRounds "9"]
[EventCountry "RUS"]

1. Nf3 d5 2. d4 c6 3. c4 dxc4 4. e3 Be6 5. a4 Nf6 6. Na3 Bd5 7. Nxc4 e6 8. Be2
c5 9. O-O Nc6 10. b3 Be7 11. Bb2 O-O 12. Nfe5 Nxe5 13. Nxe5 Rc8 14. Rc1 a6 15.
Bd3 cxd4 16. Rxc8 Qxc8 17. Bxd4 Bc5 18. Bb2 Rd8 19. Qc2 Bb4 20. Qxc8 Rxc8 21.
Bc4 Bxc4 22. Nxc4 b5 23. axb5 axb5 24. Na3 Bxa3 25. Bxa3 h6 26. Rc1 Rd8 27. Be7
Rd3 28. Bxf6 gxf6 29. g3 Rxb3 30. Rc8+ Kg7 31. Rb8 f5 32. Rb7 Rb2 33. Kg2 b4
34. h4 b3 35. Kf3 Kf6 36. Rb6 Ke5 37. Rb7 h5 38. Rxf7 Rc2 39. Rb7 b2 40. Rb5+
Kd6 41. Kf4 Rxf2+ 42. Kg5 Rf3 43. Rxb2 Rxg3+ 44. Kf4 Rg4+ 45. Kf3 Rxh4 46. Rb6+
Ke5 47. Rb5+ Kf6 48. Rb8 Rh3+ 49. Kf2 e5 50. Rf8+ Kg6 51. e4 fxe4 52. Ke2 h4
53. Re8 Kf6 54. Rf8+ Ke7 55. Rf5 Ke6 56. Rh5 Rh1 57. Ke3 h3 58. Kf2 h2 59. Kg2
Rg1+ 60. Kxh2 Rg8 0-1

[Event "Chigorin Memorial"]
[Site "St Petersburg"]
[Date "2015.10.10"]
[Round "8.86"]
[White "Grinblat, Artemiy"]
[Black "Semiev, Suhrab"]
[Result "1-0"]
[WhiteElo "2099"]
[BlackElo "2306"]
[PlyCount "61"]
[EventDate "2015.10.03"]
[EventRounds "9"]
[EventCountry "RUS"]

1. e4 d5 2. exd5 Qxd5 3. d4 Nf6 4. Nf3 c6 5. Be2 g6 6. O-O Bg7 7. c4 Qd6 8. h3
O-O 9. Nc3 Nbd7 10. Re1 Rd8 11. Bf1 Nf8 12. Qb3 a5 13. Na4 Be6 14. Nb6 Ra7 15.
Be3 N8d7 16. d5 cxd5 17. Nxd7 Nxd7 18. Bxa7 b6 19. cxd5 Bxd5 20. Bc4 a4 21. Qd3
e6 22. Bxd5 exd5 23. Rad1 d4 24. Qc4 Qf4 25. Qc6 Nf8 26. Bxb6 Rd6 27. Bc7 Rxc6
28. Bxf4 Ne6 29. Be5 Bxe5 30. Nxe5 Rc2 31. Nd3 1-0

[Event "Chigorin Memorial"]
[Site "St Petersburg"]
[Date "2015.10.10"]
[Round "8.87"]
[White "Malyshev, Grigory"]
[Black "Trapeznikova, Darya"]
[Result "1/2-1/2"]
[WhiteElo "2293"]
[BlackElo "2092"]
[PlyCount "81"]
[EventDate "2015.10.03"]
[EventRounds "9"]
[EventCountry "RUS"]

1. d4 d5 2. c4 e6 3. Nc3 c6 4. e3 Bd6 5. Bd3 f5 6. Nge2 Nh6 7. f3 Qh4+ 8. g3
Qh3 9. Kf2 g5 10. Bd2 Nd7 11. Qf1 Qh5 12. h3 e5 13. g4 Qf7 14. gxf5 dxc4 15.
Bc2 Nxf5 16. Bxf5 Qxf5 17. Ng3 Qf7 18. Nce4 Be7 19. Kg2 O-O 20. Qe2 c5 21. Bc3
b5 22. Nxc5 Nxc5 23. dxc5 Bxc5 24. e4 Bd4 25. Bb4 Rd8 26. h4 a5 27. Bd2 gxh4
28. Rxh4 Ra6 29. Rah1 Rg6 30. Rh6 Rdd6 31. Rxg6+ Rxg6 32. Bxa5 Qa7 33. Bc3 Qxa2
34. Qd2 Qa7 35. Bxd4 exd4 36. Rh6 Qg7 37. Rxg6 hxg6 38. Qg5 Bd7 39. Qd8+ Kh7
40. Qh4+ Kg8 41. Qd8+ 1/2-1/2

[Event "Chigorin Memorial"]
[Site "St Petersburg"]
[Date "2015.10.10"]
[Round "8.88"]
[White "Ovchinnikov, Vsevolod"]
[Black "Ioffe, Ilya"]
[Result "1/2-1/2"]
[WhiteElo "2273"]
[BlackElo "2087"]
[PlyCount "68"]
[EventDate "2015.10.03"]
[EventRounds "9"]
[EventCountry "RUS"]

1. d4 d5 2. c4 c6 3. Nf3 Nf6 4. Nc3 e6 5. e3 Nbd7 6. Qc2 b6 7. cxd5 exd5 8. Bd3
Bb7 9. Bd2 Be7 10. O-O O-O 11. Ne5 c5 12. f4 a6 13. a4 Rc8 14. Rad1 cxd4 15.
exd4 Ne4 16. Qb3 Ndf6 17. Be1 Qd6 18. Kh1 h6 19. Na2 Rfe8 20. Bb4 Qd8 21. Bxe7
Rxe7 22. Nb4 a5 23. Nc2 Qd6 24. Bb5 Rec7 25. Ne3 Qe6 26. Bd3 Ra8 27. Kg1 Rac8
28. Rfe1 Qd6 29. Bb5 Nh5 30. Rf1 Nhf6 31. Rfe1 Nh5 32. Rf1 Nhf6 33. Nf5 Qe6 34.
Ne3 Qd6 1/2-1/2

[Event "Chigorin Memorial"]
[Site "St Petersburg"]
[Date "2015.10.10"]
[Round "8.89"]
[White "Khusenkhojaev, Mustafokhuja"]
[Black "Bekhovskiy, Mikhail"]
[Result "1/2-1/2"]
[WhiteElo "2092"]
[BlackElo "2264"]
[PlyCount "102"]
[EventDate "2015.10.03"]
[EventRounds "9"]
[EventCountry "RUS"]

1. d4 Nf6 2. Nf3 e6 3. c4 b6 4. g3 Bb7 5. Bg2 Be7 6. Nc3 Ne4 7. Qc2 Nxc3 8.
Qxc3 O-O 9. O-O f5 10. b3 Bf6 11. Bb2 d6 12. Rfd1 Qe7 13. Rac1 Nd7 14. Qd2 Rad8
15. Bc3 g6 16. Qb2 Be4 17. b4 e5 18. Qa3 exd4 19. Bxd4 c5 20. Be3 Nb8 21. b5 d5
22. cxd5 Rxd5 23. Qb3 Rfd8 24. Ng5 Bxg5 25. Bxe4 Qxe4 26. Bxg5 R8d7 27. Bf4 c4
28. Qa4 Rxd1+ 29. Rxd1 Qxe2 30. Rc1 Rd8 31. Qxc4+ Qxc4 32. Rxc4 a6 33. a4 axb5
34. axb5 Rd1+ 35. Kg2 Nd7 36. Rc7 Rd5 37. Rb7 Kf7 38. Rc7 Ke7 39. Bg5+ Ke6 40.
Rc6+ Rd6 41. Rc8 Rd5 42. Re8+ Kd6 43. Rh8 Rxb5 44. Rxh7 Ne5 45. Rg7 Ke6 46.
Re7+ Kd6 47. Re8 Kd7 48. Rd8+ Ke6 49. Re8+ Kd7 50. Rd8+ Ke6 51. Re8+ Kd7
1/2-1/2